000 00927cam a2200229 i 4500
003 SA-RiAUC
005 20260315124538.0
008 260122q19301939ua g 000 0 ara c
040 _aSA-JeALM
_bara
_cSA-RiAUC
_erda
082 0 4 _a259.082
_qSA-RiAUC
090 _aم ن 259.082
_bب ي ا
245 0 0 _aبيان الرئاسة الدينية الإسلامية في البرنيطة وزواج المسلمة والإرث ومقالات أخرى في هذا الموضوع.
264 1 _aالقاهرة :
_bالمطبعة السلفية ومكتبتها،
_c[1909]
300 _a48 صفحة؛
_c29 سم.
336 _aنص
_btxt
_2rdacontent
_3كتاب
337 _aبدون وسيط
_bn
_2rdamedia
338 _aمجلد
_bnc
_2rdacarrier
650 7 _aالمرأة في الإسلام
_2aucsh
650 7 _aالمرأة المسلمة
_2aucsh
942 _2ddc
_cRBOOK COPY
_n0
949 _aSA-JeALM
_d260122
_umohamedma123
_n1
999 _c14590
_d14590